La mujer-texto en Como agua para chocolate /

Sparad:
Bibliografiska uppgifter
Huvudupphovsman: Senior Grant, Alder
Materialtyp: Okänd
Språk:Spanish
Ämnen:
Taggar: Lägg till en tagg
Inga taggar, Lägg till första taggen!

MARC

LEADER 000000000a22000000004500
001 009257
041 0 |a spa 
100 1 |a Senior Grant, Alder 
245 1 3 |a La mujer-texto en Como agua para chocolate /   |c Alder Senior Grant. 
310 |a semestral 
650 4 |a ESQUIVEL, LAURA, 1950- 
650 4 |a COMO AGUA PARA CHOCOLATE 
650 4 |a MUJERES EN LA LITERATURA 
773 0 |x 0377-628X  |d San José, Costa Rica : Editorial de la Universidad de Costa Rica  |t Revista de Filología y Lingüística de la Universidad de Costa Rica  |g volumen XXI, número 1 (1995), páginas 47-54 
942 |c ARC 
999 |c 15134  |d 15134